Návrh montáže CNC frézovacieho stroja

Saved in:
Bibliographic Details
Main Author: Krištof, Frederik (Author)
Other Authors: Václav, Štefan (Thesis advisor)
Format: Manuscript Book
Language:Slovak
Published: 2021
Subjects:
Online Access:http://is.stuba.sk/zp/portal_zp.pl?podrobnosti=148276
Tags: Add Tag
No Tags, Be the first to tag this record!

MARC

LEADER 00000ntm a22000003a 4500
001 stuzp83911
003 SK-STU
005 20210703212342.2
007 ta
008 150427s2015----xo-----f-mn---000-0-slo-d
040 |a STU  |b slo 
041 0 |a slo 
100 1 |a Krištof, Frederik  |u 063000  |4 aut  |U MTF Materiálovotechnologická fakulta  |T MTF Ústav výrobných technológií  |X 96783  |U M3000  |Y 83  |7 96783 
242 0 1 |a Design of assembly of CNC milling machine  |y eng 
245 1 0 |a Návrh montáže CNC frézovacieho stroja 
260 |c 2021 
650 4 |a Montáž  |2 slo 
650 4 |a Návrh  |2 slo 
650 4 |a CNC Frézovací stroj  |2 slo 
650 4 |a Assembly  |2 eng 
650 4 |a CNC milling machine  |2 eng 
650 4 |a Design  |2 eng 
700 1 |a Václav, Štefan  |u 063600  |k Z1  |4 ths  |U MTF Ústav výrobných technológií  |T MTF Katedra obrábania a tvárnenia  |X 2778  |U M3600  |Y 841  |7 A000002778 
856 4 |u http://is.stuba.sk/zp/portal_zp.pl?podrobnosti=148276 
996 |c M* BP-9115  |l MMSKP  |s P  |a 0  |w stuzp83911_0001